Shopping for bombs : (Record no. 530120)

000 -LEADER
fixed length control field 01271cam a22003014a 4500
001 - CONTROL NUMBER
control field 14341093
005 - DATE AND TIME OF LATEST TRANSACTION
control field 20191010153856.0
008 - FIXED-LENGTH DATA ELEMENTS--GENERAL INFORMATION
fixed length control field 060414s2006 enkabf b 001 0 eng
010 ## - LIBRARY OF CONGRESS CONTROL NUMBER
LC control number 2006012510
020 ## - INTERNATIONAL STANDARD BOOK NUMBER
International Standard Book Number 0195304950 (cloth : acidfree paper)
020 ## - INTERNATIONAL STANDARD BOOK NUMBER
International Standard Book Number 9780195304954
035 ## - SYSTEM CONTROL NUMBER
System control number (OCoLC)ocm67383694
040 ## - CATALOGING SOURCE
Transcribing agency DLC
050 00 - LIBRARY OF CONGRESS CALL NUMBER
Item number .C67 2006
082 00 - DEWEY DECIMAL CLASSIFICATION NUMBER
Classification number 623.4511909
100 1# - MAIN ENTRY--PERSONAL NAME
Personal name Corera, Gordon.
9 (RLIN) 23468
245 10 - TITLE STATEMENT
Title Shopping for bombs :
Remainder of title nuclear proliferation, global insecurity, and the rise and fall of the A.Q. Khan network /
Statement of responsibility, etc. Gordon Corera.
260 ## - PUBLICATION, DISTRIBUTION, ETC.
Place of publication, distribution, etc. Oxford ;
-- New York :
Name of publisher, distributor, etc. Oxford University Press,
Date of publication, distribution, etc. 2006.
300 ## - PHYSICAL DESCRIPTION
Extent xvi, 288 p., [8] p. of plates :
Other physical details ill., maps ;
Dimensions 25 cm.
504 ## - BIBLIOGRAPHY, ETC. NOTE
Bibliography, etc. note Includes bibliographical references (p. [253]-274) and index.
600 10 - SUBJECT ADDED ENTRY--PERSONAL NAME
Personal name Khan, A. Q.
Fuller form of name (Abdul Qadeer),
Dates associated with a name 1936-
9 (RLIN) 6520
650 #0 - SUBJECT ADDED ENTRY--TOPICAL TERM
Topical term or geographic name entry element Nuclear nonproliferation.
9 (RLIN) 20630
650 #0 - SUBJECT ADDED ENTRY--TOPICAL TERM
Topical term or geographic name entry element Security, International.
9 (RLIN) 2184
856 41 - ELECTRONIC LOCATION AND ACCESS
Materials specified Table of contents
Uniform Resource Identifier <a href="http://www.loc.gov/catdir/toc/ecip0612/2006012510.html">http://www.loc.gov/catdir/toc/ecip0612/2006012510.html</a>
856 42 - ELECTRONIC LOCATION AND ACCESS
Materials specified Contributor biographical information
Uniform Resource Identifier <a href="http://www.loc.gov/catdir/enhancements/fy0723/2006012510-b.html">http://www.loc.gov/catdir/enhancements/fy0723/2006012510-b.html</a>
856 42 - ELECTRONIC LOCATION AND ACCESS
Materials specified Publisher description
Uniform Resource Identifier <a href="http://www.loc.gov/catdir/enhancements/fy0723/2006012510-d.html">http://www.loc.gov/catdir/enhancements/fy0723/2006012510-d.html</a>
942 ## - ADDED ENTRY ELEMENTS (KOHA)
Source of classification or shelving scheme
Koha item type Book
Holdings
Withdrawn status Lost status Source of classification or shelving scheme Damaged status Not for loan Permanent Location Current Location Date acquired Total Checkouts Full call number Barcode Date last seen Date last checked out Price effective from Koha item type
          School of Civil and Environmental Engineering (SCEE) School of Civil and Environmental Engineering (SCEE) 10/10/2019 1 623.4511909 NIT-9236 01/29/2020 10/10/2019 10/10/2019 Book
© 2023 Central Library, National University of Sciences and Technology. All Rights Reserved.